000 01117nam a2200313 i 4500
001 000029910
003 DO-SdBNP
005 20250620141958.0
007 ta
008 110427s1998 dr abc 001 0bspa d
040 _aDO-SdBNP
_bspa
_cBNPHU
_erda
049 _aBNPD
082 4 _a923.27293
_bD812b, 1998
_222
100 1 _aBalcácer, Juan Daniel,
_d1949-
_eautor
_4aut.
_96566
245 1 0 _aColección de libros históricos /
_cJuan Daniel Balcácer, Eleanor Grimaldi Silié.
264 _aSanto Domingo :
_bEl Siglo;
_bBanco Intercontinental,
_c[1998].
300 _a296 páginas :
_bilustraciones, mapas, retratos. ;
_c28 cm.
336 _atexto
_btxt
_2rdacontent
337 _asin medición
_bn
_2rdamedia
338 _avolumen
_bnc
_2rdacarrier
490 1 _aCuadernos históricos
504 _aBibliografía : páginas 296.
590 _aInventariado, 2024/BT
600 1 4 _aDuarte, Juan Pablo,
_d1813-1876
_91494
651 4 _aRepública Dominicana --
_xHistoria --
_y1844-1930
_91009
700 1 _aGrimaldi Silié, Eleanor,
_d1948-
_985713
910 _aValidado. Control de calidad
942 _2ddc
_cLBS1
999 _c29402
_d29402